• 首页
  • 本馆介绍
  • 公告通知
  • 最新文献
  • 馆藏检索
  • 电子资源
  • 读者导购
  • 参考咨询
  • 我的图书馆
  • 登录
  • 详细信息显示
  • 放入我的书架
  • 预约/预借图书
  • 作者相关作品
  • 分类相关作品
  • 丛书相关作品
  • 出版社相关作品

书目信息

  • 表格格式
  • 工作单格式
  • 卡片格式
题名:
香盈碧莲花
    
 
作者: 汪兆骞 著 ;郑瑞勇 插图
分册:  
出版信息: 北京   中国书籍出版社  2017
页数: 219页
开本: 24cm
丛书名:
单 册:
中图分类: K928.75
科图分类:
主题词: 寺庙--介绍--北京
电子资源:
ISBN: 978-7-5068-5632-4
000 00835nam0 2200241 450
001 012001004847
005 20140928162350.0
010    @a978-7-5068-5632-4@dCNY58.00
100    @a20170328d2017 em y0chiy50 ea
101 0  @achi
102    @aCN@b110000
105    @aa z 000yy
106    @ar
200 1  @a香盈碧莲花@9xiang ying bi lian hua@e诗词中的燕京寺庙@f汪兆骞著@g郑瑞勇插图
210    @a北京@c中国书籍出版社@d2017
215    @a219页@c图@d24cm
330    @a本书穿越数百年历史风云,呈现九十一座燕京古城诸寺庙的前世今生,所有资料或经作者亲临现场考察所获,或查阅史料所得,或从古代名人诗词中整理得到。
606 0  @a寺庙@x介绍@y北京
690    @aK928.75@v5
701  0 @a汪兆骞@9wang zhao qian@f(1941-)@4著
702  0 @a郑瑞勇@9zheng rui yong@4插图
801  0 @aCN@b上海新华@c20180901
905    @b1171660-4@dK928.75@e1131@f5
    
    香盈碧莲花:诗词中的燕京寺庙/汪兆骞著/郑瑞勇插图.-北京:中国书籍出版社,2017
    219页:图;24cm
    
    
    ISBN 978-7-5068-5632-4:CNY58.00
    本书穿越数百年历史风云,呈现九十一座燕京古城诸寺庙的前世今生,所有资料或经作者亲临现场考察所获,或查阅史料所得,或从古代名人诗词中整理得到。
●
相关链接 在E读中查询图书 在五车中查询图书 在当当中查询图书 在豆瓣中查询图书


正题名:香盈碧莲花     索取号:K928.75/1131         预约/预借

序号 登录号 条形码 馆藏地/架位号 状态 备注
1 1171660   211716605   第二样本阅览室/ [索取号:K928.75/1131] 在馆    
2 1171661   211716614   史法系资料室/ [索取号:K928.75/1131] 在馆    
3 1171662   211716623   第二借阅区/ [索取号:K928.75/1131] 在馆    
4 1171663   211716632   第二借阅区/ [索取号:K928.75/1131] 在馆    
5 1171664   211716641   第二借阅区/ [索取号:K928.75/1131] 在馆    
唐山师范学院图书馆 欢迎您!
大连网信软件有限公司© 版权所有